| 000 | 00643nam a2200217 i 4500 | ||
|---|---|---|---|
| 001 | 117809 | ||
| 003 | ES-MaACL | ||
| 005 | 20251015063118.0 | ||
| 007 | t| | ||
| 008 | 070214s1957 sp r ||||1| spa d | ||
| 080 | _a821.131.1-31"19" | ||
| 100 | 1 |
_aPapini, Giovanni, _d1881-1956 _988874 |
|
| 245 | 1 | 0 |
_aGog / _cGiovanni Papini ; traducido directamente del italiano por Mario Verdaguer. |
| 260 |
_aBarcelona : _bAHR, _c1957. |
||
| 300 |
_a393 p. ; _c19 cm. |
||
| 490 | 1 | _aPigmalión | |
| 700 | 1 |
_aVerdaguer, Mario. _9114001 |
|
| 830 | 0 |
_aPigmalión _9182328 |
|
| 852 |
_aES-MaACL _jC-13392 _bR.40928 |
||
| 999 |
_c117809 _d117809 |
||